Normal view
MARC view
- Jagdish, Singh
Entry Personal Name
001 - CONTROL NUMBER
- control field: 7607
003 - CONTROL NUMBER IDENTIFIER
- control field: OSt
005 - DATE AND TIME OF LATEST TRANSACTION
- control field: 20250626152644.0
008 - FIXED-LENGTH DATA ELEMENTS
- fixed length control field: 250626|| aca||aabn | a|a d
040 ## - CATALOGING SOURCE
- Original cataloging agency: OSt
- Transcribing agency: OSt
100 ## - HEADING--PERSONAL NAME
- Personal name: Jagdish, Singh
670 ## - SOURCE DATA FOUND
- Source citation: Work cat.: (OSt)1342: Gurucharan, Singh . 7606, Theory and design of R C C structures , 1986.
